Регионална библиотека "Любен Каравелов" - Русе

Робинзон Крузо (Запис номер 229124)

MARC детайли
000 -Лидер
Лидер 01180njm a2200361 c 4500
003 - Код на организацията, давaща контролен номер
Код на организацията, даваща контролен номер BLK
005 - Дата и час на последна редакция
Дата и час на последна редакция 20240726101831.0
008 - Елементи от данни с фиксирана дължина
Елементи с фиксирана дължина 180410b bul||n||s|||||||| n|bulo|
010 ## - Наследен системен номер
LC control number CDD00009852000
020 ## - Международен стандартен номер на книга ISBN
ISBN 3800215661009
040 ## - Източник на каталожния запис
Код на библиотеката BLK
041 ## - Код за език
Език Български
Език за КДБФ Български
080 ## - УДК
УДК текст Английска литература
УДК код 821.111
УДК – определител -93
УДК – код + определител 821.111-93
100 ## - Редна дума - Автор
R(LIN) 371409
Автор Дефо, Даниел
245 10 - Сведения за заглавието
Заглавие Робинзон Крузо
Подзаглавни данни Аудио кн. за деца
Авторска отговорност по Даниел Дефо
257 ## - Страна на издаване
Страна на създаване/издаване България
260 ## - Област на издателските данни
Място на издаване София
Име на издателя Театър ПАН
Година на издаване 2017
9 (RLIN) 213849
Издателство - префикс ISBN 978-954-375-
300 ## - Физическа характеристика
Брой страници Stereo
Размер 1 компактдиск (58 мин 85 сек) ; 12 см (диам.)
380 ## - Жанр
Жанр Детска худож. лит.
490 ## - СЕРИИ (Колекции)
9 (RLIN) 493719
Серия Литературна класика за деца
Номер в серията 17
852 ## - Местоположение
Сигнатура (форматна) Цб CD 4331
Част 0
856 4# - Електронен адрес и достъп
Електронен формат pdf - файл
Път до файла (ресурса)
856 4# - Електронен адрес и достъп
Електронен формат pdf - файл
Път до файла (ресурса)
942 ## - АРТИКУЛИ
Вид на библиотечния документ Компактдискове
Скрит в OPAC Не
944 ## - СЪЗДАВАНЕ И РЕДАКЦИЯ на ЗАПИСА
Създаване/Редакция Създаване
Дата на регистрацията/редакция 18.05.2017
Служител, извършил регистрацията/редакцията 30529
Номер на служител Диана Гривева
944 ## - СЪЗДАВАНЕ И РЕДАКЦИЯ на ЗАПИСА
Създаване/Редакция Редакция
Дата на регистрацията/редакция 18.05.2017
Служител, извършил регистрацията/редакцията Виолета_Тройчева
999 ## - СИСТЕМНИ КОНТРОЛНИ НОМЕРА
Koha biblionumber 229124
Koha biblioitemnumber 229124
999 ## - СИСТЕМНИ КОНТРОЛНИ НОМЕРА
Koha biblioitemnumber 229124
999 ## - СИСТЕМНИ КОНТРОЛНИ НОМЕРА
Koha biblioitemnumber 229124
999 ## - СИСТЕМНИ КОНТРОЛНИ НОМЕРА
Koha biblioitemnumber 229124
999 ## - СИСТЕМНИ КОНТРОЛНИ НОМЕРА
Koha biblioitemnumber 229124
999 ## - СИСТЕМНИ КОНТРОЛНИ НОМЕРА
Koha biblioitemnumber 229124
Наличности
Код за отписване Код за изгубен артикул Източник на класификационната схема Код за повреда Коз за рестрикции Код за отдаване Артикулен № Име на библиотеката - собственик Име на библиотеката, в която се намира в момента Статус (Текущо местоположение) Дата на вписване в системата Местоположение - отдел Цена в лева Инвентарен номер Систематично азбучна сигнатура Баркод Номер на екземпляра Цена в евро Служебна бележка Служебен тип на артикула
  Не е изгубен Universal Decimal Classification Не е повреден без рестрикции заемане за дома 401308 Регионална библиотека "Любен Каравелов" Русе Регионална библиотека "Любен Каравелов" Русе Хранилище 2017-05-18 Основен фонд - ползва се само за читалня 3.00 250000005887 Цб CD 4331 250000005887 1 1.53 Дост: Pk Вид: Ф N: 131 Дата: 15.05.2017 Съставил: Виолета_Тройчева Компактдискове
Vip Innovations Ltd, Rousse, Bulgaria 2025